Normal view
MARC view
- الأسد، ناصر الدين
Entry Personal Name
001 - CONTROL NUMBER
- control field: 66834
003 - CONTROL NUMBER IDENTIFIER
- control field: JO-AjAnu
005 - DATE AND TIME OF LATEST TRANSACTION
- control field: 20251014122257.0
008 - FIXED-LENGTH DATA ELEMENTS
- fixed length control field: 251014|| aca||aabn | a|a d
040 ## - CATALOGING SOURCE
- Original cataloging agency: JO-AjAnu
100 ## - HEADING--PERSONAL NAME
- Personal name: الأسد، ناصر الدين
- Relator term: مؤلف